| 000 | 00716nam a22002297a 4500 | ||
|---|---|---|---|
| 999 |
_c7075 _d7075 |
||
| 003 | AR-CdUCM | ||
| 008 | 190319b ||||| |||| 00| 0 spa d | ||
| 040 |
_aMUNICIPALIDAD PROVINCIAL DEL CUSCO _cBIBLIOTECA MUNICIPAL DEL CUSCO |
||
| 041 | _heng | ||
| 082 |
_a828.925 / _bH97 |
||
| 100 |
_aHuxley, Aldous _91405 |
||
| 245 | _aMi tio Spencer / | ||
| 260 |
_aSantiago de Chile : _bEdiciones Arcilla, _c1935. |
||
| 300 |
_a95 páginas ; _c18 cm. |
||
| 500 | _aDonación de la familia Nieto. Título original: The little mexican | ||
| 650 |
_aInglaterra _91396 |
||
| 650 |
_aNovela inglesa _9365 |
||
| 650 |
_aSiglo XX _98 |
||
| 700 |
_aSolar, Hermán del (Traductor) _919924 |
||
| 942 |
_2ddc _cLIBROS |
||
| 945 | _araen | ||